Pokémon commençant par Y - Statistiques

Statistiques générales
  • Ce quiz a été pris 1 899 fois
    1 042 depuis la dernière actualisation
  • Le résultat moyen est 4 sur 5
Statistiques - réponses
Réponse % Correct
717 Yveltal
95%
469 Yanméga
83%
193 Yanma
82%
247 Ymphect
71%
1004 Yuyu
59%
Aucun quiz correspondant
Distribution des résultats
% des personnes avec chaque résultat
Percentile par nombre de réponses
Votre historique - résultats
Vous n’avez pas pris ce quiz depuis la dernière actualisation